000 00487nam a2200145Ia 4500
003 GCL
008 140319s9999 xx 000 0 ara d
040 _aGCL /
_cGCL
082 0 4 _a928.18
_bم م
100 1 _aمحمد طه الحاجرى
245 1 0 _aمحمد فريد وجدى :
_bحياته واشعاره /
_cمحمد طه الحاجرى
260 _aالقاهرة :
_bمعهد البحوث والدراسات العربية ،
_c1970
300 _a175 ص ؛
_c24 سم
490 _a
999 _c54185
_d54185